Available copies
- 1 of 2 copies available at LARL/NWRL Consortium.
Current holds
0 current holds with 2 total copies.
Show All Copies
| Location | Call Number / Copy Notes | Barcode | Shelving Location | Status | Due Date |
|---|---|---|---|---|---|
| Moorhead Public Library | J G LAT (Text) | 33500014304695 | New | Available | - |
Record details
- ISBN: 9781524897673
- ISBN: 1524897671
- ISBN: 9781524897666
- ISBN: 1524897663
- Physical Description: 297 pages : color illustrations ; 23 cm
- Publisher: Kansas City, Missouri : Andrews McMeel Publishing, [2025]
- Copyright: ©2025
Content descriptions
| Summary, etc.: | "Read the epic conclusion and discover the secrets ... Read More |
Search for related items by subject
| Genre: | Animal comics. Fantasy comics. Graphic novels. Comics (Graphic works) |
Search for related items by series
| LDR | 04233cam a2200925 i 4500 | ||
|---|---|---|---|
| 001 | 457092 | ||
| 003 | LARL_NWRL_CONSORTIUM | ||
| 005 | 20251124182219.0 | ||
| 008 | 250215t20252025moua c 6 000 1 eng d | ||
| 010 | . | ‡a 2025936923 | |
| 040 | . | ‡aYDX ‡beng ‡erda ‡cYDX ‡dOCLCO ‡dBDX ‡dMZI ‡dWIM ‡dOCLCO ‡dJBI ‡dSDD ‡dVP@ ‡dCHILD ‡dNYP ‡dOCLCO | |
| 019 | . | ‡a1499567579 ‡a1549476337 | |
| 020 | . | ‡a9781524897673 ‡q(hardcover) | |
| 020 | . | ‡a1524897671 ‡q(hardcover) | |
| 020 | . | ‡a9781524897666 ‡q(paperback) | |
| 020 | . | ‡a1524897663 ‡q(paperback) | |
| 035 | . | ‡a(OCoLC)1499574558 ‡z(OCoLC)1499567579 ‡z(OCoLC)1549476337 | |
| 043 | . | ‡ae-uk-en | |
| 082 | 0 | 4. | ‡a741.5/941 ‡223 |
| 100 | 1 | . | ‡aLatham, Joe ‡c(Writer), ‡eauthor, ‡eillustrator. |
| 245 | 1 | 0. | ‡aHaru. ‡pFall / ‡cJoe Latham. |
| 246 | 3 | . | ‡aHaru. ‡pBook 3. ‡pFall |
| 246 | 3 | 0. | ‡aFall |
| 264 | 1. | ‡aKansas City, Missouri : ‡bAndrews McMeel Publishing, ‡c[2025] | |
| 264 | 4. | ‡c©2025 | |
| 300 | . | ‡a297 pages : ‡bcolor illustrations ; ‡c23 cm | |
| 336 | . | ‡atext ‡btxt ‡2rdacontent | |
| 336 | . | ‡astill image ‡bsti ‡2rdacontent | |
| 337 | . | ‡aunmediated ‡bn ‡2rdamedia | |
| 338 | . | ‡avolume ‡bnc ‡2rdacarrier | |
| 380 | . | ‡aComic or graphic novel | |
| 490 | 0 | . | ‡aHaru ; ‡v3 |
| 520 | . | ‡a"Read the epic conclusion and discover the secrets of the Valley in Haru Book 3: Fall. Haru, Yama, and the rest of the gang return one last time for the conclusion of their exciting adventure. Discover what became of Haru after the events of Book 2, and cheer on as they face off against Blight. Secrets will be revealed (what was Haru and Goose's mother hiding?) and wills will be tested (will Herb believe in himself enough to help his friends) but together, nothing can stop this crew! With his stunningly beautiful and Tolkeinesque illustrations, author and artist Joe Latham delivers the perfect finale of his magical tale, in Haru Book 3: Fall."-- ‡cProvided by publisher | |
| 650 | 0. | ‡aBoars ‡vComic books, strips, etc. | |
| 650 | 0. | ‡aBirds ‡vComic books, strips, etc. | |
| 650 | 0. | ‡aAntiquities ‡vComic books, strips, etc. | |
| 650 | 0. | ‡aSeasons ‡vComic books, strips, etc. | |
| 650 | 0. | ‡aQuests (Expeditions) ‡vComic books, strips, etc. | |
| 650 | 0. | ‡aFriendship ‡vComic books, strips, etc. | |
| 650 | 0. | ‡aComic books, strips, etc. ‡zGreat Britain. | |
| 650 | 0. | ‡aBoars ‡vJuvenile fiction. | |
| 650 | 0. | ‡aBirds ‡vJuvenile fiction. ‡0(LARL_NWRL_CONSORTIUM)168961 | |
| 650 | 0. | ‡aAntiquities ‡vJuvenile fiction. | |
| 650 | 0. | ‡aSeasons ‡vJuvenile fiction. | |
| 650 | 0. | ‡aQuests (Expeditions) ‡vJuvenile fiction. | |
| 650 | 0. | ‡aFriendship ‡vJuvenile fiction. ‡0(LARL_NWRL_CONSORTIUM)164914 | |
| 650 | 1. | ‡aBoars ‡vCartoons and comics. | |
| 650 | 1. | ‡aBirds ‡vCartoons and comics. | |
| 650 | 1. | ‡aAntiquities ‡vCartoons and comics. | |
| 650 | 1. | ‡aSeasons ‡vCartoons and comics. | |
| 650 | 1. | ‡aQuests (Expeditions) ‡vCartoons and comics. | |
| 650 | 1. | ‡aFriendship ‡vCartoons and comics. | |
| 650 | 1. | ‡aCartoons and comics. ‡0(LARL_NWRL_CONSORTIUM)175912 | |
| 650 | 1. | ‡aBoars ‡vFiction. | |
| 650 | 1. | ‡aBirds ‡vFiction. ‡0(LARL_NWRL_CONSORTIUM)171000 | |
| 650 | 1. | ‡aAntiquities ‡vFiction. | |
| 650 | 1. | ‡aSeasons ‡vFiction. | |
| 650 | 1. | ‡aQuests (Expeditions) ‡vFiction. ‡0(LARL_NWRL_CONSORTIUM)166982 | |
| 650 | 1. | ‡aFriendship ‡vFiction. ‡0(LARL_NWRL_CONSORTIUM)164944 | |
| 650 | 7. | ‡aJUVENILE FICTION / Comics & Graphic Novels / Animals. ‡2bisacsh | |
| 650 | 7. | ‡aJUVENILE FICTION / Comics & Graphic Novels / Action & Adventure. ‡2bisacsh | |
| 650 | 7. | ‡aJUVENILE FICTION / Comics & Graphic Novels / Fantasy. ‡2bisacsh | |
| 655 | 7. | ‡aAnimal comics. ‡2lcgft | |
| 655 | 7. | ‡aFantasy comics. ‡2lcgft | |
| 655 | 7. | ‡aGraphic novels. ‡2lcgft | |
| 655 | 7. | ‡aComics (Graphic works) ‡2lcgft | |
| 901 | . | ‡a457092 ‡bOCoLC ‡c457092 ‡tbiblio ‡soclc | |

Add to basket
Permalink
Disable Highlighting